Central Library OPAC University of Rajshahi

Shakespeare: Othello; a casebook / (Record no. 18768)

MARC details
000 -LEADER
fixed length control field 00921cam a2200325 4500
001 - CONTROL NUMBER
control field 18768
003 - CONTROL NUMBER IDENTIFIER
rucl marc code BD-RjUL
005 - DATE AND TIME OF LATEST TRANSACTION
control field 20211209000330.0
008 - FIXED-LENGTH DATA ELEMENTS--GENERAL INFORMATION
fixed length control field 140222s1971 enk b 001 0 eng
020 ## - INTERNATIONAL STANDARD BOOK NUMBER
International Standard Book Number 0333037723
035 ## - SYSTEM CONTROL NUMBER
System control number (BD-RjUL)18826
040 ## - CATALOGING SOURCE
Original cataloging agency DLC
Transcribing agency DLC
Modifying agency DLC
Language of cataloging eng
041 ## - LANGUAGE CODE
Language code of text/sound track or separate title eng
082 00 - DEWEY DECIMAL CLASSIFICATION NUMBER
Classification number 822.33
Author mark and year SHA 1971
100 1# - MAIN ENTRY--PERSONAL NAME
Personal name Wain, John,
9 (RLIN) 55418
245 00 - TITLE STATEMENT
Title Shakespeare: Othello; a casebook /
Statement of responsibility, etc. edited by John Wain.
260 ## - PUBLICATION, DISTRIBUTION, ETC. (IMPRINT)
Place of publication, distribution, etc. London :
Name of publisher, distributor, etc. Macmillan,
Date of publication, distribution, etc. 1971.
300 ## - PHYSICAL DESCRIPTION
Pagination 245 p. ;
Size 19 cm.
350 ## - PRICE (NR) (BK AM CF MU VM SE) [OBSOLETE]
Price £1.80
490 0# - SERIES STATEMENT
Series statement Casebook series
504 ## - BIBLIOGRAPHY, ETC. NOTE
Bibliography, etc Includes index
600 10 - SUBJECT ADDED ENTRY--PERSONAL NAME
Personal name Shakespeare, William,
Dates associated with a name 1564-1616.
650 #0 - SUBJECT ADDED ENTRY--TOPICAL TERM
Topical term or geographic name as entry element Othello (Fictitious character)
9 (RLIN) 57413
Topical term or geographic name as entry element Interracial marriage in literature.
9 (RLIN) 57859
Topical term or geographic name as entry element Jealousy in literature.
9 (RLIN) 57860
Topical term or geographic name as entry element Tragedy.
9 (RLIN) 57861
942 ## - ADDED ENTRY ELEMENTS (KOHA)
Source of classification or shelving scheme Dewey Decimal Classification
Koha item type Books
Holdings
Lost status Source of classification or shelving scheme Damaged status Not for loan Collection code Permanent Location Current Location Shelving location Date acquired Source of acquisition Cost, normal purchase price Total Checkouts Full call number Date last seen Copy number Koha item type
  Dewey Decimal Classification   Not For Loan Fiction Central Library, University of Rajshahi Central Library, University of Rajshahi Reading Room 27/12/1975 Jonathan ware & co., london 1.80   822.33 SHA 1971 22/02/2014 C-1 Books